Responses for show #11 - Monday, September 24, 1984

Contestants

Dan Fuller, a tennis coach from New Philadelphia, Ohio

Mary Bowers, a public relations coordinator from San Jose, California

Eric Grove, an elementary school teacher from Los Angeles, California (whose 1-day cash winnings total $11,300)

Jeopardy! Round responses

GAY '90S
POTENT POTABLES
STATES IN SONG
OLD TESTAMENT
HOLIDAYS
STARTS WITH "Q"
    $100 26
(Mary: What are automobiles?)

bicycles

EricMary
    $100 3
cans

Mary
    $100 14
Alabama

Mary
    $100 7
Samson

Dan
    $100 11
(Eric: What is Irish-American Day?)

Columbus Day

EricDan
    $100 1
Quincy

Eric
    $200 27
the Maine

Eric
    $200 8
what wine tasters do

Dan
    $200 15
California

Mary
    $200 10
(Eric: What is Moses?)

the Red Sea

Eric
Triple Stumper
    $200 22
St. Valentine

Dan
    $200 2
Quasimodo

Dan
    $300 28
(Eric: What was the telegraph?)

the telephone

EricDan
    $300 9
Booze

Eric
    $300 16
(Dan: What is Tennessee?)

Kentucky

MaryDan
    $300 19
Abraham

Eric
    $300 23
Halloween

Mary
    $300 4
the question

Mary
    $400 12
punch

Dan
    $400 17
"The Eyes Of Texas"

Mary
    $400 20
the Philistines

Eric
    $400 24
Christmas

Dan
    $400 5
Quebec

Eric
    $500 13
the formula for alcohol

Dan
    $500 18
"The Tennessee Waltz"

Dan
    $500 21
Jeremiah

Triple Stumper
    $500 25
Jefferson Davis

Dan
    $500 6
the Quakers

Eric

Scores at the first commercial break (after clue 11):

Eric Mary Dan
$1,000 $400 $600

Scores at the end of the Jeopardy! Round:

Eric Mary Dan
$1,700 $1,600 $3,100

Double Jeopardy! Round responses

U.S. HISTORY
SHAKESPEARE
MUSICAL INSTRUMENTS
HOMONYMS
LANDMARKS
TV TRIVIA
    $200 10
Martin Luther King, Jr.

Eric
    $200 3
(Dan: The booze is gone, so let's try SHAKESPEARE for $200.)
(Alex: Oh, that's an interesting correlation there.)

Comedy of Errors

Mary
    $200 14
(Eric: [no response])

peace (piece)

EricMary
    $200 1
Carol Burnett

Mary
    $400 11
(Eric: [no response])

World War II

EricDan
    $400 7
A Midsummer Night's Dream

Eric
    $400 15
more (Moore)

Eric
    $400 2
(Mary: [no response])

3

MaryDan
    $600 12
a pound of flesh

Eric
    $600 16
(Alex: I hope you're having as much fun as our writers did in coming up with these.)

Spitz (spits)

Eric
    $600 4
Desilu

Mary
    $800 22
Massachusetts

Eric
    $800 13
(Eric: [no response])

play on

EricMary
    $800 17
leek (leak)

Eric
    $800 21
the Great Pyramid

Eric
    $800 5
Get Smart

Mary
    $1000 19
(Eric: What is the Supreme Court?)

the KKK

EricDan
    $1000 8
Horatio

Eric
    $1000 20
the banjo

Mary
    $1000 18
serf (surf)

Eric
    $600 9
(Eric: [no response])
(Alex: 13½ acres, 1400 rooms---Vatican City.)

the Pope

Eric
    $1000 6
Bing Crosby

Mary

Scores at the end of the Double Jeopardy! Round:

Eric Mary Dan
$5,300 $6,000 $4,900

[wagering suggestions for these scores]

Final Jeopardy! Round responses

TITLED HEADS
DanWhat is Monaco
$4,850
EricWhat is Monaco?
$5,300
MaryWhat is Monaco
$5,000
Monaco

Final scores:

Eric Mary Dan
$10,600 $11,000 $9,750
2nd place: a shelving system New champion: $11,000 3rd place: hair care appliances

Game dynamics:

Coryat scores:

Eric Mary Dan
$5,900 $6,000 $4,900
18 R,
8 W
(including 1 DD)
15 R,
2 W
14 R,
1 W

Combined Coryat: $16,800

The J! Archive is created by fans, for fans. The Jeopardy! game show and all elements thereof, including but not limited to copyright and trademark thereto, are the property of Jeopardy Productions, Inc. and are protected under law. This website is not affiliated with, sponsored by, or operated by Jeopardy Productions, Inc. Join the discussion at JBoard.tv.